000 01090nam a2200325 a 4500
001 275
003 BD-RjUL
005 20211208233139.0
008 131117s1982 caua j 001 0 eng
020 _a0881900001 (pbk.) :
035 _a(BD-RjUL)292
040 _aDLC
_cDLC
_dDLC
_dBD-RjUL
_beng
041 _aeng
082 0 4 _a005.265
_220
_bCAK 1982
100 1 _aCarlson, Edward H.
_9895
245 1 0 _aKids and the TI-99/4A /
_cEdward H. Carlson ; illustrated by Paul D. Trap.
260 _aChatsworth, CA :
_bDatamost,
_cc1982 [printing 1983].
300 _a236 p. :
_bill. ;
_c28 cm.
500 _aIncludes indexes.
526 _bComputer Science.
650 7 _aTI 99/4A (Computer)
_xProgramming
_xJuvenile literature.
_2SLSH
_9896
650 0 _aBASIC (Computer program language)
_xJuvenile literature.
_9897
650 1 _aTI 99/4A (Computer)
_xProgramming.
_9898
650 1 _aBASIC (Computer program language)
_9899
650 1 _aProgramming (Computers)
_9900
700 1 _aTrap, Paul D.,
_eill.
_9901
942 _2ddc
_cBK
999 _c275
_d275